| 000 | 00624nam a2200241Ia 4500 | ||
|---|---|---|---|
| 003 | OSt | ||
| 005 | 20220924151508.0 | ||
| 006 | a|||||r|||| 00| 0 | ||
| 007 | ta | ||
| 008 | 220923b |||||||| |||| 00| 0 ara d | ||
| 024 | _a337967 | ||
| 037 | _cTextual | ||
| 040 |
_aARTS _cARTS _bara |
||
| 041 |
_2ara _aara |
||
| 082 | _a1(Q7), 28L7 | ||
| 100 |
_aMustafa Ahmad Au. _9184950 |
||
| 245 | 0 | _aKitab miftahul saadat-o-misbahul sayad | |
| 260 | _c1977 | ||
| 650 | _a UNIVERSAL LITERATURE | ||
| 650 |
_aISLAM _9577 |
||
| 942 |
_h1(Q7), 28L7 _cTEXL _2CC |
||
| 999 |
_c466782 _d466782 |
||